<?xml version="1.0" encoding="UTF-8"?>
<record
    xmlns:xsi="http://www.w3.org/2001/XMLSchema-instance"
    xsi:schemaLocation="http://www.loc.gov/MARC21/slim http://www.loc.gov/standards/marcxml/schema/MARC21slim.xsd"
    xmlns="http://www.loc.gov/MARC21/slim">

  <leader>01298nam a22002657a 4500</leader>
  <controlfield tag="005">20170124103203.0</controlfield>
  <datafield tag="010" ind1=" " ind2=" ">
    <subfield code="a">A-428032</subfield>
  </datafield>
  <datafield tag="020" ind1=" " ind2=" ">
    <subfield code="c">150.00</subfield>
  </datafield>
  <datafield tag="035" ind1=" " ind2=" ">
    <subfield code="a">A-428032</subfield>
  </datafield>
  <datafield tag="037" ind1=" " ind2=" ">
    <subfield code="b">Cen Lib/Ret</subfield>
  </datafield>
  <datafield tag="040" ind1=" " ind2=" ">
    <subfield code="a">DPL</subfield>
    <subfield code="b">HN</subfield>
  </datafield>
  <datafield tag="082" ind1=" " ind2=" ">
    <subfield code="a">954.0136325</subfield>
    <subfield code="b">&#x924;&#x94D;&#x930;&#x93F;&#x935;&#x947;&#x926;&#x940; </subfield>
  </datafield>
  <datafield tag="100" ind1=" " ind2=" ">
    <subfield code="a">&#x924;&#x94D;&#x930;&#x93F;&#x935;&#x947;&#x926;&#x940;, &#x938;&#x924;&#x94D;&#x92F;&#x926;&#x947;&#x935;  </subfield>
    <subfield code="9">92745</subfield>
  </datafield>
  <datafield tag="245" ind1=" " ind2=" ">
    <subfield code="a">&#x92A;&#x94D;&#x930;&#x93E;&#x91A;&#x940;&#x928; &#x92D;&#x93E;&#x930;&#x924; &#x92E;&#x947;&#x902; &#x917;&#x941;&#x92A;&#x94D;&#x924;&#x91A;&#x930; &#x938;&#x947;&#x935;&#x93E; /</subfield>
    <subfield code="c">&#x938;&#x924;&#x94D;&#x92F;&#x926;&#x947;&#x935; &#x924;&#x94D;&#x930;&#x93F;&#x935;&#x947;&#x926;&#x940;</subfield>
  </datafield>
  <datafield tag="246" ind1=" " ind2=" ">
    <subfield code="a">Prachin bharat mein guptchar seva /</subfield>
    <subfield code="b">by Satya Dev Trivedi</subfield>
  </datafield>
  <datafield tag="260" ind1=" " ind2=" ">
    <subfield code="a">&#x928;&#x908; &#x926;&#x93F;&#x932;&#x94D;&#x932;&#x940; </subfield>
    <subfield code="b">&#x905;&#x928;&#x941;&#x92A;&#x92E; &#x92A;&#x94D;&#x930;&#x915;&#x93E;&#x936;&#x928; &#x938;&#x902;&#x938;&#x94D;&#x925;&#x93E;&#x928; </subfield>
    <subfield code="c">1985</subfield>
  </datafield>
  <datafield tag="270" ind1=" " ind2=" ">
    <subfield code="b">&#x928;&#x908; &#x926;&#x93F;&#x932;&#x94D;&#x932;&#x940; </subfield>
    <subfield code="a">&#x905;&#x938;&#x92B; &#x905;&#x932;&#x940; &#x930;&#x94B;&#x921; </subfield>
    <subfield code="e">110002</subfield>
  </datafield>
  <datafield tag="300" ind1=" " ind2=" ">
    <subfield code="a">&#x92D;&#x93F;&#x928;&#x94D;&#x928; &#x92A;&#x943;. </subfield>
    <subfield code="c">21&#x938;&#x947;&#x92E;&#x940; (&#x938;&#x91C;&#x93F;&#x932;&#x94D;&#x926;)</subfield>
  </datafield>
  <datafield tag="500" ind1=" " ind2=" ">
    <subfield code="a">&#x938;&#x928;&#x94D;&#x926;&#x930;&#x94D;&#x92D; &#x938;&#x942;&#x91A;&#x940; &#x936;&#x93E;&#x92E;&#x93F;&#x932;</subfield>
  </datafield>
  <datafield tag="650" ind1=" " ind2=" ">
    <subfield code="a">&#x917;&#x941;&#x92A;&#x94D;&#x924;&#x91A;&#x930; &#x938;&#x947;&#x935;&#x93E; -- &#x907;&#x924;&#x93F;&#x939;&#x93E;&#x938; -- &#x92D;&#x93E;&#x930;&#x924; </subfield>
    <subfield code="9">92746</subfield>
  </datafield>
  <datafield tag="650" ind1=" " ind2=" ">
    <subfield code="a">&#x917;&#x941;&#x92A;&#x94D;&#x924;&#x91A;&#x930; &#x938;&#x947;&#x935;&#x93E; -- &#x92A;&#x94D;&#x930;&#x93E;&#x91A;&#x940;&#x928; &#x92D;&#x93E;&#x930;&#x924; </subfield>
    <subfield code="9">92747</subfield>
  </datafield>
  <datafield tag="650" ind1=" " ind2=" ">
    <subfield code="a">Intelligence service -- History -- India</subfield>
    <subfield code="9">92748</subfield>
  </datafield>
  <datafield tag="650" ind1=" " ind2=" ">
    <subfield code="a">Secret Service -- Ancient Indian </subfield>
    <subfield code="9">92749</subfield>
  </datafield>
  <datafield tag="942" ind1=" " ind2=" ">
    <subfield code="2">ddc</subfield>
    <subfield code="c">HN</subfield>
    <subfield code="h">954.0136325</subfield>
    <subfield code="m">&#x924;&#x94D;&#x930;&#x93F;&#x935;&#x947;&#x926;&#x940; </subfield>
  </datafield>
  <datafield tag="999" ind1=" " ind2=" ">
    <subfield code="c">120818</subfield>
    <subfield code="d">120818</subfield>
  </datafield>
  <datafield tag="952" ind1=" " ind2=" ">
    <subfield code="0">0</subfield>
    <subfield code="1">0</subfield>
    <subfield code="4">0</subfield>
    <subfield code="7">0</subfield>
    <subfield code="a">L</subfield>
    <subfield code="b">L</subfield>
    <subfield code="d">2015-09-28</subfield>
    <subfield code="e">Cen Lib/Ret</subfield>
    <subfield code="g">150.00</subfield>
    <subfield code="l">0</subfield>
    <subfield code="o">954.0136325 &#x924;&#x94D;&#x930;&#x93F;&#x935;&#x947;&#x926;&#x940;</subfield>
    <subfield code="p">A-428032</subfield>
    <subfield code="r">2015-09-28 00:00:00</subfield>
    <subfield code="t">1</subfield>
    <subfield code="v">150.00</subfield>
    <subfield code="w">2015-09-28</subfield>
    <subfield code="y">HN</subfield>
  </datafield>
</record>
